|
|
|
|
| LEADER |
01232nam a2200289 a 4500 |
| 001 |
41295 |
| 003 |
BD-DhAAL |
| 005 |
20230601111436.0 |
| 008 |
230531t1992 nyu b 001 0 eng |
| 010 |
|
|
|a 91029677
|
| 020 |
|
|
|a 0029109752 :
|c $24.95
|
| 040 |
|
|
|a DLC
|c DLC
|d DLC
|d BD-DhAAL
|
| 050 |
0 |
0 |
|a D16.8
|b .F85 1992
|
| 082 |
0 |
0 |
|a 901
|2 20
|
| 100 |
1 |
|
|a Fukuyama, Francis.
|
| 245 |
1 |
4 |
|a The end of history and the last man /
|c Francis Fukuyama.
|
| 260 |
|
|
|a New York :
|b Free Press ;
|a Toronto :
|b Maxwell Macmillan Canada ;
|a New York :
|b Maxwell Macmillan International,
|c c1992.
|
| 300 |
|
|
|a xxiii, 418 pages ;
|c 25 cm.
|
| 504 |
|
|
|a Includes bibliographical references (p. 391-401) and index.
|
| 541 |
|
|
|a Donated by Akbar Ali Khan
|e 41295
|
| 650 |
|
0 |
|a History
|x Philosophy.
|
| 650 |
|
0 |
|a World politics
|y 1945-1989.
|9 8069
|
| 650 |
|
0 |
|a Imaginary histories.
|9 54424
|
| 852 |
|
|
|a Ayesha Abed Library
|c Akbar Ali Khan Collection
|
| 942 |
|
|
|2 ddc
|c BK
|
| 999 |
|
|
|c 45830
|d 45830
|
| 952 |
|
|
|0 0
|1 0
|2 ddc
|4 0
|6 901_000000000000000_FUK
|7 1
|9 73715
|a BRACUL
|b BRACUL
|c AAKC
|d 2023-05-31
|e Donated by Akbar Ali Khan
|g 2676.03
|l 0
|o 901 FUK
|p 3010041295
|r 2023-05-31
|t 1
|v 2676.03
|w 2023-05-31
|y BK
|x price are not available in book (collected from amazon.com $24.95)
|